|
|
|
|
| LEADER |
00000nam0a2200000 4500 |
| 001 |
33307 |
| 005 |
20231030212819.0 |
| 010 |
|
|
|a 5060020452
|
| 035 |
|
|
|a (RuTPU)RU\TPU\book\33638
|
| 035 |
|
|
|a BOOK00000289
|
| 090 |
|
|
|a 33307
|
| 100 |
|
|
|a 20011210d1991 m y0rusy50 ca
|
| 101 |
0 |
|
|a rus
|
| 102 |
|
|
|a RU
|
| 105 |
|
|
|a y j 000zy
|
| 200 |
1 |
|
|a Техническая термодинамика
|e учебное пособие
|f под ред. В. И. Крутова
|
| 205 |
|
|
|a 3-е изд., перераб. и доп.
|
| 210 |
|
|
|a Москва
|c Высшая школа
|d 1991
|
| 215 |
|
|
|a 382 с.
|
| 451 |
|
1 |
|0 (RuTPU)RU\TPU\book\33630
|t Техническая термодинамика
|o учебное пособие
|f Под ред. В. И. Крутова
|e 2-е изд., перераб. и доп.
|c М.
|n Высшая школа
|d 1981
|p 439 с.
|
| 610 |
1 |
|
|a термодинамика
|
| 610 |
1 |
|
|a законы
|
| 610 |
1 |
|
|a растворы
|
| 610 |
1 |
|
|a газы
|
| 610 |
1 |
|
|a пары
|
| 610 |
1 |
|
|a учебные пособия
|
| 675 |
|
|
|a 621.1.016.7(075.8)
|v 3
|
| 702 |
|
1 |
|a Крутов
|b В. И.
|g Виталий Иванович
|4 340
|
| 801 |
|
0 |
|a RU
|b 63413507
|c 20011210
|g PSBO
|
| 801 |
|
2 |
|a RU
|b 63413507
|c 20201028
|g PSBO
|
| 900 |
|
|
|a Техническая термодинамика
|
| 900 |
|
|
|a Термодинамика и тепломассообмен
|
| 900 |
|
|
|a Теплотехника и гидравлика
|
| 900 |
|
|
|a Термодинамика и теплопередача
|
| 900 |
|
|
|a Техническая термодинамика и теплотехника
|
| 942 |
|
|
|c BK
|